Países por el texto en su bandera nacional - Estadísticas

Estadísticas generales
  • Esta prueba ha sido intentada 23 veces
    7 desde el último reinicio
  • La puntuación promedio es 11 de 18
Estadísticas de respuestas
Hint Respuesta % Correcto
REPÚBLICA DE EL SALVADOR EN LA AMÉRICA CENTRAL El Salvador
100%
لا إله إلا الله محمد رسول الله Afganistán | Arabia Saudita
86%
ORDEM E PROGRESSO Brasil
86%
REPÚBLICA DE NICARAGUA | AMÉRICA CENTRAL Nicaragua
86%
REPÚBLICA DEL PARAGUAY Paraguay
86%
DIOS, PATRIA, LIBERTAD | REPUBLICA DOMINICANA República Dominicana
86%
LIBERTAD 15 DE SEPTIEMBRE DE 1821 Guatemala
71%
الله أكبر Irak
71%
(22 veces) الله أكبر Irán
71%
PLUS ULTRA España
57%
VIRTUS UNITA FORTIOR Andorra
43%
جمهورية مصر العربية Egipto
43%
LIBERTAS San Marino
43%
SUB UMBRA FLOREO Belice
29%
UNIDAD, PAZ, JUSTICIA Guinea Ecuatorial
29%
L’UNION FAIT LA FORCE Haití
29%
FOR GALLANTRY Malta
29%
الدائمون المحسنون بالهدى Brunéi
14%
No se encontraron pruebas coincidentes
Distribución de puntuación
Porcentaje de gente con cada puntuación
Porcentaje por número respondido
Historial de tus puntuaciones
No has intentado esta prueba desde el último reinicio